[Event "IECC KO email"]
[Site "IECC email"]
[Date "2003.09.29"]
[Round "?"]
[White "Trentin, Luca"]
[Black "Fernandez, Paco"]
[Result "0-1"]
[WhiteElo "988"]
[BlackElo "1139"]
[PlyCount "70"]
[EventDate "2003.??.??"]
[EventType "tourn (corr)"]
[EventRounds "6"]
[SourceTitle "Corr 2008"]
[Source "ChessBase"]
[SourceDate "2008.06.24"]
[SourceVersion "1"]
[SourceVersionDate "2008.06.24"]
[SourceQuality "1"]

1. d4 d5 2. e3 Nf6 3. c3 e6 4. g3 Nbd7 5. a3 c5 6. f4 b6 7. Ne2 Bb7 8. Bg2 Qc7 9. a4 cxd4 10. Qxd4 Bd6 11. g4 e5 12. Qd3 Nc5 13. Qb5+ Bc6 14. Qb4 Nd3+ 15. Kd2 Nxb4 16. cxb4 exf4 17. exf4 Nxg4 18. Ra3 Bxb4+ 19. Nec3 Bxa3 20. Nxa3 0-0 21. Re1 Qxf4+ 22. Kc2 Qf5+ 23. Kb3 Rfe8 24. Bd2 Rxe1 25. Bxe1 Ne3 26. Bh1 Qf1 27. Bd2 Qxh1 28. Bxe3 Rd8 29. Nab5 Bxb5 30. axb5 d4 31. Bxd4 Rxd4 32. h4 Qxh4 33. Nd5 Rxd5 34. Ka2 Qa4+ 35. Kb1 Rd1# 0-1